Quantum theory of many-body systems (Record no. 14375)

MARC details
000 -LEADER
fixed length control field 00614nam a2200205Ia 4500
003 - CONTROL NUMBER IDENTIFIER
control field IN-BaIIA
008 - FIXED-LENGTH DATA ELEMENTS--GENERAL INFORMATION
fixed length control field 211028s9999 xx 000 0 eng d
020 ## - INTERNATIONAL STANDARD BOOK NUMBER
International Standard Book Number 978-0-387-98384-4
040 ## - CATALOGING SOURCE
Transcribing agency IIA Library
080 ## - UNIVERSAL DECIMAL CLASSIFICATION NUMBER
Universal Decimal Classification number 530.145
Item number ZAG
100 ## - MAIN ENTRY--PERSONAL NAME
Personal name Zagoskin, Alexandre M
9 (RLIN) 25459
245 #0 - TITLE STATEMENT
Title Quantum theory of many-body systems
Remainder of title techniques and applications
Statement of responsibility, etc. Alexandre M Zagoskin
260 ## - PUBLICATION, DISTRIBUTION, ETC.
Place of publication, distribution, etc. New York
Name of publisher, distributor, etc. Springer-Verlag
Date of publication, distribution, etc. 1998
300 ## - PHYSICAL DESCRIPTION
Extent xiv, 229p.
650 ## - SUBJECT ADDED ENTRY--TOPICAL TERM
Topical term or geographic name entry element Green's functions
9 (RLIN) 25460
650 ## - SUBJECT ADDED ENTRY--TOPICAL TERM
Topical term or geographic name entry element Many-Body theory
9 (RLIN) 25461
650 ## - SUBJECT ADDED ENTRY--TOPICAL TERM
Topical term or geographic name entry element Quantum theory
650 ## - SUBJECT ADDED ENTRY--TOPICAL TERM
Topical term or geographic name entry element Superconductivity
9 (RLIN) 1933
942 ## - ADDED ENTRY ELEMENTS (KOHA)
Koha item type Books
Holdings
Withdrawn status Lost status Damaged status Not for loan Home library Current library Shelving location Date acquired Cost, normal purchase price Total Checkouts Full call number Barcode Date last seen Cost, replacement price Price effective from Koha item type Purchase Price
        IIA Library-Bangalore IIA Library-Bangalore General Stacks 28/11/2001 2406.80   530.145/ ZAG 15295 05/11/2021 2406.80 28/11/2001 Books Rs. 2406.80

Powered by Koha